000 00504nam a2200181Ia 4500
008 100920s9999 xx 000 0 und d
082 _b32094
_a21 थ 27
100 _aRADHAKRISHANAN S.
245 _aTHE HINDU VIEW OF LIFE.
260 _bGEORGE ALLEN & UNWIN LTD.
_c1927
300 _a130
_bसाधी
365 _b0
520 _aृॅ्रआर.अे.
630 _aTHE HINDU VIEW OF LIFE.
650 _aृॅ्रआर.अे.
730 _aTHE HINDU VIEW OF LIFE.
942 _cBOOK
999 _c687158
_d687155